[Event "SpeedChess Final 2025"]
[Site "London ENG"]
[Date "2026.02.08"]
[Round "2.1"]
[White "Carlsen, Magnus"]
[Black "Firouzja, Alireza"]
[Result "1-0"]
[WhiteTitle "GM"]
[BlackTitle "GM"]
[WhiteElo "2840"]
[BlackElo "2759"]
[WhiteFideId "1503014"]
[BlackFideId "12573981"]
[EventDate "2026.02.07"]
[EventType "k.o."]

1. d4 Nf6 2. c4 e6 3. Nf3 d5 4. g3 dxc4 5. Bg2 c5 6. O-O Nc6 7. dxc5 Qxd1 8.
Rxd1 Bxc5 9. Nbd2 c3 10. bxc3 O-O 11. Nb3 Be7 12. Nfd4 Nxd4 13. cxd4 Nd5 14. Bd2
f5 15. Na5 b6 16. Nc6 Bf6 17. a4 Bb7 18. Ne5 Rac8 19. a5 Rfd8 20. h4 h6 21. h5
Bxe5 22. dxe5 Rc2 23. Bf3 Rd7 24. axb6 axb6 25. Be1 Rcc7 26. Rdb1 Bc6 27. Kf1
Kf7 28. Rb2 Ra7 29. Rc1 Rac7 30. Rcb1 Ra7 31. Bxd5 Bxd5 32. Rxb6 Rdb7 33. f3
Rxb6 34. Rxb6 Ra2 35. Rb4 Rc2 36. Kf2 Bc4 37. Bd2 Bd5 38. Ke1 Rc4 39. Rb2 Rc7
40. Kf2 Rb7 41. Rc2 Ra7 42. Be3 Rb7 43. Rc8 Rd7 44. Bc5 g5 45. Bf8 Bb7 46. Rb8
Ba6 47. Bxh6 Rd2 48. Bxg5 Rxe2+ 49. Kg1 Re1+ 50. Kg2 Re2+ 51. Kh3 Rf2 52. Bf4
Rxf3 53. Kh4 Rf1 54. Kg5 Rh1 55. h6 Rh3 56. Ra8 1-0

[Event "SpeedChess Final 2025"]
[Site "London ENG"]
[Date "2026.02.08"]
[Round "2.1"]
[White "Nakamura, Hikaru"]
[Black "Lazavik, Denis"]
[Result "1-0"]
[WhiteTitle "GM"]
[BlackTitle "GM"]
[WhiteElo "2810"]
[BlackElo "2605"]
[WhiteFideId "2016192"]
[BlackFideId "13515110"]
[EventDate "2026.02.07"]
[EventType "k.o."]

1. e4 e5 2. Nf3 Nc6 3. Bb5 Nf6 4. d3 Bc5 5. Nbd2 d6 6. c3 O-O 7. O-O Bb6 8. h3
Ne7 9. Re1 Ng6 10. d4 c6 11. Bf1 Re8 12. Qc2 h6 13. Nc4 Bc7 14. dxe5 Nxe5 15.
Nfxe5 dxe5 16. a4 Be6 17. b4 Nh7 18. Be3 Qf6 19. Rad1 Ng5 20. Kh1 b6 21. f3 Rad8
22. Qf2 Nh7 23. a5 Bxc4 24. Bxc4 bxa5 25. Bxa7 axb4 26. cxb4 Ng5 27. Rc1 Bd6 28.
b5 cxb5 29. Bxb5 Rf8 30. Bc4 Ne6 31. Be3 Rc8 32. Ba2 Nf4 33. Qf1 Kh7 34. Red1
Rfd8 35. Rxc8 Rxc8 36. Bxf7 Bc5 37. Bxf4 Qxf4 38. Be6 Rf8 39. Bf5+ Kh8 40. Qc4
Bd4 41. Rb1 Qg3 42. Qf7 Rd8 43. Qe7 Ra8 44. Qb7 Rf8 45. Qb4 Rd8 46. Qd6 Rg8 47.
Qg6 Qxg6 48. Bxg6 Ra8 49. Kh2 Be3 50. Kg3 Bf4+ 51. Kg4 Rf8 52. g3 Bg5 53. h4 Be3
54. Rb7 Bd4 55. f4 Kg8 56. Re7 exf4 57. gxf4 Rd8 58. e5 Bc5 59. Rc7 Bb6 60. Rb7
Be3 61. e6 Rf8 62. Bf7+ Kh7 63. h5 Bc5 64. Bg6+ Kg8 65. e7 1-0

[Event "SpeedChess Final 2025"]
[Site "London ENG"]
[Date "2026.02.08"]
[Round "2.2"]
[White "Firouzja, Alireza"]
[Black "Carlsen, Magnus"]
[Result "1-0"]
[WhiteTitle "GM"]
[BlackTitle "GM"]
[WhiteElo "2759"]
[BlackElo "2840"]
[WhiteFideId "12573981"]
[BlackFideId "1503014"]
[EventDate "2026.02.07"]
[EventType "k.o."]

1. d4 Nf6 2. c4 e6 3. Nf3 d5 4. Nc3 dxc4 5. e4 Bb4 6. Bxc4 Nxe4 7. O-O Nf6 8.
Qe2 O-O 9. Rd1 Nbd7 10. Bg5 Be7 11. Ne5 Nd5 12. Bxd5 Bxg5 13. Bf3 Qe7 14. Ne4
Nxe5 15. dxe5 Bf4 16. Nc3 Qc5 17. Re1 Bd7 18. g3 Bh6 19. Bxb7 Rab8 20. Bf3 Rfd8
21. Rad1 Be8 22. Kg2 g6 23. h4 Rxd1 24. Rxd1 Bg7 25. Re1 h6 26. Qd2 a5 27. Re2
Kf8 28. Kh2 Rb4 29. Bg2 Rd4 30. Qe1 Kg8 31. f4 Qc4 32. Qf2 Rd8 33. Rc2 Qb4 34.
Ne4 Qb6 35. Qc5 Qxc5 36. Rxc5 Rb8 37. Rxc7 Kf8 38. b3 1-0

[Event "SpeedChess Final 2025"]
[Site "London ENG"]
[Date "2026.02.08"]
[Round "2.2"]
[White "Lazavik, Denis"]
[Black "Nakamura, Hikaru"]
[Result "1-0"]
[WhiteTitle "GM"]
[BlackTitle "GM"]
[WhiteElo "2605"]
[BlackElo "2810"]
[WhiteFideId "13515110"]
[BlackFideId "2016192"]
[EventDate "2026.02.07"]
[EventType "k.o."]

1. c4 Nf6 2. Nc3 e5 3. Nf3 Nc6 4. d3 g6 5. g3 Bg7 6. Bg2 d6 7. Rb1 a5 8. a3 O-O
9. O-O h6 10. b4 Re8 11. b5 Nb8 12. Nd2 Nbd7 13. a4 Rb8 14. e3 b6 15. Bb2 Nc5
16. Nde4 Nfxe4 17. dxe4 Be6 18. Qe2 Qd7 19. Rbd1 Rf8 20. Ba3 Qe7 21. h4 h5 22.
Kh2 Rbe8 23. Bxc5 bxc5 24. Bh3 Qd7 25. Bxe6 fxe6 26. Rd2 Rb8 27. Kg2 Qe7 28. Na2
Bf6 29. Rh1 Kg7 30. Nc1 c6 31. Nb3 Qc7 32. Rhd1 Rbd8 33. Rc2 Be7 34. Qd2 Ra8 35.
Qc3 Rf7 36. Rcd2 Kg8 37. Qc2 Qb7 38. Nc1 Raf8 39. Na2 Kh7 40. bxc6 Qxc6 41. Nc3
Rb8 42. Nb5 Rd8 43. Qd3 Kg7 44. f3 Rdf8 45. Rf2 Rd8 46. Rdd2 Kh7 47. Qc3 Ra8 48.
Rd3 Qb6 49. Qd2 Rd8 50. Rf1 Qa6 51. Rd1 Rdf8 52. Rf1 Rd8 53. Qc2 Qc6 54. Rdd1
Kg7 55. Kh2 Rdf8 56. f4 exf4 57. exf4 Kg8 58. Qd3 e5 59. f5 gxf5 60. exf5 e4 61.
Qd5 Qxd5 62. Rxd5 Re8 63. Kg2 e3 64. Kf3 Bf8 65. Ke2 Kh7 66. Nxd6 Bxd6 67. Rxd6
Rb7 68. Re6 Rg8 69. Rxe3 Rb2+ 70. Kf3 Rc2 71. Rd1 Rxc4 72. Re7+ Kh8 73. Rdd7 Rf8
74. Rh7+ Kg8 75. Rdg7# 1-0

[Event "SpeedChess Final 2025"]
[Site "London ENG"]
[Date "2026.02.08"]
[Round "2.3"]
[White "Carlsen, Magnus"]
[Black "Firouzja, Alireza"]
[Result "1-0"]
[WhiteTitle "GM"]
[BlackTitle "GM"]
[WhiteElo "2840"]
[BlackElo "2759"]
[WhiteFideId "1503014"]
[BlackFideId "12573981"]
[EventDate "2026.02.07"]
[EventType "k.o."]

1. d4 Nf6 2. c4 e6 3. Nf3 Bb4+ 4. Nbd2 Be7 5. e4 d5 6. Bd3 c5 7. e5 Nfd7 8. O-O
Nc6 9. Re1 cxd4 10. cxd5 exd5 11. Nb3 Nc5 12. Nxc5 Bxc5 13. Ng5 Be6 14. Nxe6
fxe6 15. Qh5+ Kd7 16. a3 a5 17. Bd2 g6 18. Qe2 a4 19. Rac1 Qb6 20. Rc2 Rhf8 21.
Rec1 Be7 22. g3 Qb3 23. Kg2 Rac8 24. h4 Kc7 25. Bh6 Rf7 26. Rd2 Kb8 27. Qg4 Nd8
28. Rxc8+ Kxc8 29. Bc2 Qc4 30. Bd3 Qb3 31. h5 gxh5 32. Qxh5 Qb6 33. Bf4 Kb8 34.
Bxh7 Rf8 35. Bh6 Rh8 36. Bg7 Rxh7 37. Qxh7 Nc6 38. Qg8+ Ka7 39. Qxe6 Qa5 40. Bh6
Bf8 41. Bf4 1-0

[Event "SpeedChess Final 2025"]
[Site "London ENG"]
[Date "2026.02.08"]
[Round "2.3"]
[White "Nakamura, Hikaru"]
[Black "Lazavik, Denis"]
[Result "1-0"]
[WhiteTitle "GM"]
[BlackTitle "GM"]
[WhiteElo "2810"]
[BlackElo "2605"]
[WhiteFideId "2016192"]
[BlackFideId "13515110"]
[EventDate "2026.02.07"]
[EventType "k.o."]

1. e4 c5 2. Nf3 Nc6 3. Bb5 g6 4. O-O Bg7 5. Re1 e5 6. Bxc6 dxc6 7. d3 Qe7 8. a3
Nf6 9. b4 O-O 10. bxc5 Qxc5 11. a4 Re8 12. Ba3 Qa5 13. Nbd2 Be6 14. Qb1 Qc7 15.
Ng5 Rad8 16. Nxe6 Rxe6 17. Qb3 Bf8 18. Bxf8 Kxf8 19. a5 Kg7 20. Qc3 Ree8 21.
Reb1 Kg8 22. Qc5 Ra8 23. Nc4 Re6 24. Rb3 Nd7 25. Qe3 c5 26. Qc1 Rb8 27. Qb2 b6
28. axb6 axb6 29. Rba3 b5 30. Ne3 Nf6 31. Ra7 Rb7 32. Rxb7 Qxb7 33. Ra5 Rb6 34.
Qxe5 c4 35. h3 cxd3 36. cxd3 b4 37. Nc4 Re6 38. Qb5 Qc7 39. Qxb4 Kg7 40. Ra8 Re7
41. Qc3 Re6 42. g3 h5 43. Qa3 Re7 44. Qa1 Re6 45. Ne3 h4 46. Nd5 Qc5 47. g4 g5
48. Ne3 Kg6 49. Nf5 Rb6 50. Rg8+ Kh7 51. Rg7+ Kh8 52. Qa8+ 1-0

[Event "SpeedChess Final 2025"]
[Site "London ENG"]
[Date "2026.02.08"]
[Round "2.4"]
[White "Firouzja, Alireza"]
[Black "Carlsen, Magnus"]
[Result "1/2-1/2"]
[WhiteTitle "GM"]
[BlackTitle "GM"]
[WhiteElo "2759"]
[BlackElo "2840"]
[WhiteFideId "12573981"]
[BlackFideId "1503014"]
[EventDate "2026.02.07"]
[EventType "k.o."]

1. d4 Nf6 2. c4 e6 3. Nf3 d5 4. Nc3 c6 5. g3 Be7 6. Bg2 O-O 7. O-O Nbd7 8. Nd2
b5 9. cxb5 cxb5 10. a3 Qb6 11. e4 dxe4 12. Ndxe4 Bb7 13. Be3 Nxe4 14. Nxe4 Bd5
15. Nc3 Bxg2 16. Kxg2 Nf6 17. Qf3 Qa6 18. Rfd1 Rfd8 19. d5 Nxd5 20. Nxd5 exd5
21. Rxd5 Rxd5 22. Qxd5 Rd8 23. Qe4 Bf6 24. Rd1 Qc8 25. Rxd8+ Qxd8 26. b3 a6 27.
a4 1/2-1/2

[Event "SpeedChess Final 2025"]
[Site "London ENG"]
[Date "2026.02.08"]
[Round "2.4"]
[White "Lazavik, Denis"]
[Black "Nakamura, Hikaru"]
[Result "0-1"]
[WhiteTitle "GM"]
[BlackTitle "GM"]
[WhiteElo "2605"]
[BlackElo "2810"]
[WhiteFideId "13515110"]
[BlackFideId "2016192"]
[EventDate "2026.02.07"]
[EventType "k.o."]

1. d4 Nf6 2. Nf3 e6 3. Bf4 c5 4. e3 Nc6 5. Nc3 cxd4 6. exd4 Nh5 7. Be3 d5 8. Bb5
Bd7 9. O-O a6 10. Bxc6 Bxc6 11. Ne5 Nf6 12. Qf3 Be7 13. Rfe1 Rc8 14. a3 O-O 15.
Rad1 Nd7 16. Nd3 Bf6 17. Qg4 Re8 18. Rd2 Nb6 19. Rdd1 Nc4 20. Bc1 Qb6 21. Nb4 a5
22. Nxc6 bxc6 23. Na4 Qa7 24. b3 Nb6 25. Nc5 Nd7 26. Nxd7 Qxd7 27. a4 c5 28.
dxc5 Rxc5 29. c4 Qb7 30. cxd5 Rxd5 31. Qf3 Red8 32. Rxd5 Rxd5 33. h3 h5 34. Rd1
Qc6 35. Be3 h4 36. Rxd5 exd5 37. Qd1 d4 38. Bd2 Qd5 39. Qf3 Qc5 40. Qa8+ Kh7 41.
Qe4+ Kg8 42. Qa8+ Kh7 43. Qxa5 Qc2 44. Qh5+ Kg8 45. Qe2 Qxb3 46. a5 d3 47. Qe8+
Kh7 48. Qe4+ Kg8 49. Qe8+ Kh7 50. Qe4+ g6 51. g3 hxg3 52. fxg3 Qd1+ 53. Qe1 Qa4
54. Qf1 Kg7 55. Qe1 Qd4+ 56. Kg2 Qd5+ 57. Kh2 Qa2 58. Kh1 Bd4 59. h4 Qd5+ 60.
Kh2 Qf3 61. Bf4 Bf2 62. Qe5+ Kh7 63. Qe7 Qd5 64. Qg5 Qa2 65. Bd2 Be1 66. Qf6
Qxd2+ 67. Kh3 Qf2 0-1

[Event "SpeedChess Final 2025"]
[Site "London ENG"]
[Date "2026.02.08"]
[Round "2.5"]
[White "Carlsen, Magnus"]
[Black "Firouzja, Alireza"]
[Result "0-1"]
[WhiteTitle "GM"]
[BlackTitle "GM"]
[WhiteElo "2840"]
[BlackElo "2759"]
[WhiteFideId "1503014"]
[BlackFideId "12573981"]
[EventDate "2026.02.07"]
[EventType "k.o."]

1. d4 Nf6 2. c4 e6 3. Nf3 d5 4. g3 Bb4+ 5. Nbd2 O-O 6. Bg2 b6 7. O-O Bb7 8. Ne5
Qc8 9. Qa4 a5 10. a3 Bd6 11. Ndf3 c5 12. cxd5 exd5 13. Bf4 Nc6 14. Rac1 Re8 15.
Qb5 Nxd4 16. Nxd4 Bxe5 17. Bxe5 Rxe5 18. Qxb6 Nd7 19. Qb3 a4 20. Qd1 Nb6 21. Nb5
Ba6 22. Nc3 Bc4 23. Re1 Qe6 24. e4 Bb3 25. Qe2 d4 26. f4 dxc3 27. bxc3 Nc4 28.
fxe5 Nxa3 29. Qd3 Nc4 30. Qd5 Rc8 31. Qxe6 fxe6 32. Bf1 Nxe5 33. Kf2 c4 34. Be2
Kf7 35. Ke3 Ke7 36. Ra1 Rd8 37. Rf1 g5 38. h4 Rg8 39. h5 Ra8 40. Ra3 Rd8 41.
Raa1 Ra8 42. Ra3 Nf7 43. Rc1 Nd6 44. e5 Nb5 45. Raa1 a3 46. Bf3 Ra5 47. Be4 h6
48. g4 a2 49. Bg6 Na3 50. Kd4 Rd5+ 51. Ke4 Nc2 52. Rxc2 Bxc2+ 53. Ke3 Bb3 54.
Be4 Rd1 0-1

[Event "SpeedChess Final 2025"]
[Site "London ENG"]
[Date "2026.02.08"]
[Round "2.6"]
[White "Firouzja, Alireza"]
[Black "Carlsen, Magnus"]
[Result "1-0"]
[WhiteTitle "GM"]
[BlackTitle "GM"]
[WhiteElo "2759"]
[BlackElo "2840"]
[WhiteFideId "12573981"]
[BlackFideId "1503014"]
[EventDate "2026.02.07"]
[EventType "k.o."]

1. d4 Nf6 2. c4 e6 3. Nf3 b6 4. g3 Bb7 5. Bg2 Be7 6. O-O O-O 7. d5 exd5 8. Nh4
c6 9. cxd5 Nxd5 10. Nf5 Nc7 11. Nc3 d5 12. e4 Bf6 13. Bf4 Nba6 14. Nd6 Rb8 15.
exd5 cxd5 16. Nxd5 Bxd5 17. Bxd5 Nxd5 18. Qxd5 Nc7 19. Qb3 Ne6 20. Nxf7 Rxf7 21.
Qxe6 Qe8 22. Qb3 Rd8 23. Rfe1 Qc6 24. Rad1 Re8 25. Rc1 Rxe1+ 26. Rxe1 h6 27. Rc1
Qe8 28. Rc7 Bd4 29. Kf1 g5 30. Be3 1-0

[Event "SpeedChess Final 2025"]
[Site "London ENG"]
[Date "2026.02.08"]
[Round "2.6"]
[White "Lazavik, Denis"]
[Black "Nakamura, Hikaru"]
[Result "0-1"]
[WhiteTitle "GM"]
[BlackTitle "GM"]
[WhiteElo "2605"]
[BlackElo "2810"]
[WhiteFideId "13515110"]
[BlackFideId "2016192"]
[EventDate "2026.02.07"]
[EventType "k.o."]

1. d4 Nf6 2. c4 e6 3. Nc3 Bb4 4. e3 O-O 5. Bd3 d5 6. a3 Bxc3+ 7. bxc3 dxc4 8.
Bxc4 c5 9. Ne2 Qc7 10. Ba2 b6 11. O-O Ba6 12. Bb2 Nc6 13. Rc1 Rad8 14. c4 Na5
15. Qc2 cxd4 16. exd4 Rc8 17. d5 e5 18. Ng3 Bxc4 19. Rfe1 Qd7 20. Bxe5 Bxa2 21.
Qxa2 Qxd5 22. Qxd5 Nxd5 23. Nf5 f6 24. Bd6 Rxc1 25. Rxc1 Re8 26. g4 g6 27. Ng3
Kf7 28. Bb4 Nb3 29. Rd1 Nxb4 30. axb4 a5 31. bxa5 bxa5 32. Rd6 Ra8 33. Ne4 a4
34. Rxf6+ Ke7 35. Rb6 a3 36. Nc3 Nc1 37. Rb7+ Kf6 38. Rb1 a2 39. Ra1 Ra3 40.
Rxc1 Rxc3 41. Ra1 Ra3 42. Kg2 g5 43. f3 Ke5 44. Kg3 h6 45. h4 gxh4+ 46. Kxh4 Kf4
47. Kh5 Ra6 48. Kh4 Kxf3 49. Rf1+ Ke2 50. Ra1 Ra5 51. Kg3 Kd3 52. Kf4 Kc3 0-1

[Event "SpeedChess Final 2025"]
[Site "London ENG"]
[Date "2026.02.08"]
[Round "2.7"]
[White "Carlsen, Magnus"]
[Black "Firouzja, Alireza"]
[Result "1-0"]
[WhiteTitle "GM"]
[BlackTitle "GM"]
[WhiteElo "2840"]
[BlackElo "2759"]
[WhiteFideId "1503014"]
[BlackFideId "12573981"]
[EventDate "2026.02.07"]
[EventType "k.o."]

1. d4 Nf6 2. c4 e6 3. Nf3 d5 4. g3 Bb4+ 5. Nbd2 O-O 6. Bg2 b6 7. O-O Bb7 8. b3
Re8 9. Bb2 Nbd7 10. Rc1 a5 11. a3 Bf8 12. cxd5 exd5 13. Re1 c5 14. Nb1 Ne4 15.
Nc3 Nxc3 16. Rxc3 Nf6 17. e3 Ne4 18. Rc1 a4 19. bxa4 c4 20. Ne5 f6 21. Bxe4 dxe4
22. Nxc4 Bd5 23. Qb3 Re6 24. Qb5 Rc6 25. Nd2 Ra5 26. Rxc6 Rxb5 27. axb5 h5 28.
Rec1 h4 29. Rc8 Qd7 30. a4 Qd6 31. Nc4 Qe6 32. Nd2 Qd6 33. R1c3 Qb4 34. Ba3 Qxa4
35. Rxf8+ Kh7 36. h3 hxg3 37. fxg3 Be6 38. g4 Bd7 39. Nxe4 Qd1+ 40. Kg2 Bxb5 41.
Nf2 Qf1+ 42. Kg3 Qg1+ 43. Kf3 Qf1 44. e4 1-0

[Event "SpeedChess Final 2025"]
[Site "London ENG"]
[Date "2026.02.08"]
[Round "2.7"]
[White "Nakamura, Hikaru"]
[Black "Lazavik, Denis"]
[Result "1/2-1/2"]
[WhiteTitle "GM"]
[BlackTitle "GM"]
[WhiteElo "2810"]
[BlackElo "2605"]
[WhiteFideId "2016192"]
[BlackFideId "13515110"]
[EventDate "2026.02.07"]
[EventType "k.o."]

1. e4 e5 2. Nf3 Nc6 3. Bb5 a6 4. Ba4 Nf6 5. d3 b5 6. Bb3 Bc5 7. c3 d6 8. O-O h6
9. Nbd2 O-O 10. Re1 Bb6 11. Nf1 Ne7 12. a4 Rb8 13. h3 c5 14. Ng3 Ng6 15. d4 cxd4
16. cxd4 Re8 17. axb5 axb5 18. Be3 Bd7 19. Qd2 exd4 20. Bxd4 Ne5 21. Bxb6 Nxf3+
22. gxf3 Qxb6 23. Rad1 Bxh3 24. Qxd6 Qxd6 25. Rxd6 Rbd8 26. Rb6 Rb8 27. Rd6 Rbd8
28. Rb6 Rb8 29. Rxb8 Rxb8 30. Ra1 Be6 31. Bxe6 fxe6 32. Ra6 Kf7 33. Ra7+ Kf8 34.
f4 Rc8 35. e5 Nd5 36. f5 Rc6 37. Rd7 Nf4 38. Rd4 Rc4 39. Rd8+ Ke7 40. Rb8 Rc1+
41. Kh2 Rc2 42. Rb7+ Kf8 43. Rb8+ Kf7 44. Rb7+ Kf8 45. Rb8+ Kf7 46. Rb7+ Kf8 1/2-1/2

[Event "SpeedChess Final 2025"]
[Site "London ENG"]
[Date "2026.02.08"]
[Round "2.8"]
[White "Firouzja, Alireza"]
[Black "Carlsen, Magnus"]
[Result "0-1"]
[WhiteTitle "GM"]
[BlackTitle "GM"]
[WhiteElo "2759"]
[BlackElo "2840"]
[WhiteFideId "12573981"]
[BlackFideId "1503014"]
[EventDate "2026.02.07"]
[EventType "k.o."]

1. d4 Nf6 2. c4 e6 3. Nf3 Bb4+ 4. Nbd2 O-O 5. a3 Be7 6. e4 d6 7. Be2 Nbd7 8. b4
e5 9. Bb2 a5 10. O-O exd4 11. Nxd4 Re8 12. f3 Bf8 13. N2b3 axb4 14. axb4 Rxa1
15. Bxa1 c6 16. Qd2 Ne5 17. Kh1 h5 18. Rd1 h4 19. Nf5 Bxf5 20. exf5 d5 21. c5
Qe7 22. Bf1 h3 23. Re1 Qc7 24. Nd4 Nc4 25. Qc1 hxg2+ 26. Kxg2 Rxe1 27. Qxe1 Qf4
28. Bd3 Nh5 29. Bc3 Ne3+ 30. Kh1 Be7 31. Bd2 Bg5 32. Bxe3 Qxe3 33. Qxe3 Bxe3 34.
Nc2 Nf4 35. Bf1 Bf2 36. h3 Kf8 37. Kh2 Ke7 38. Na1 Kd7 39. Nb3 Be1 40. b5 Bf2
41. bxc6+ bxc6 42. h4 Bxh4 43. Kg1 Be1 44. Ba6 Kc7 45. Kf1 Bb4 46. Kf2 Nh5 47.
Ke3 Nf6 48. Kd4 Be1 49. Ke3 Nd7 50. f4 Bg3 51. Be2 Bh2 52. f6 Bg1+ 53. Kf3 gxf6
54. Kg2 Nxc5 55. Nxc5 Bxc5 56. Bh5 Kd6 57. Kf3 Bb4 58. Bxf7 c5 59. Kg4 c4 60.
Kf5 Bc3 61. Kg4 Kc5 62. Kf3 d4 0-1

[Event "SpeedChess Final 2025"]
[Site "London ENG"]
[Date "2026.02.08"]
[Round "2.8"]
[White "Lazavik, Denis"]
[Black "Nakamura, Hikaru"]
[Result "1-0"]
[WhiteTitle "GM"]
[BlackTitle "GM"]
[WhiteElo "2605"]
[BlackElo "2810"]
[WhiteFideId "13515110"]
[BlackFideId "2016192"]
[EventDate "2026.02.07"]
[EventType "k.o."]

1. c4 e6 2. Nc3 d5 3. d4 Nf6 4. cxd5 exd5 5. Bg5 c6 6. e3 Bd6 7. Bd3 Be6 8. Nge2
Nbd7 9. f3 h6 10. Bf4 Qe7 11. O-O Rd8 12. Qd2 c5 13. Nb5 Bxf4 14. Nxf4 O-O 15.
Nxa7 g5 16. Nxe6 fxe6 17. Nb5 e5 18. Bf5 Nb8 19. Rac1 b6 20. b4 c4 21. dxe5 Qxe5
22. Nd4 Rfe8 23. Rfe1 Qd6 24. Bc2 Nbd7 25. Nf5 Qf8 26. Qc3 Ne5 27. Rcd1 g4 28.
fxg4 Nexg4 29. Rf1 Ne4 30. Bxe4 Rxe4 31. h3 Qf6 32. Qc2 Ne5 33. Ng3 1-0

[Event "SpeedChess Final 2025"]
[Site "London ENG"]
[Date "2026.02.08"]
[Round "2.9"]
[White "Carlsen, Magnus"]
[Black "Firouzja, Alireza"]
[Result "1-0"]
[WhiteTitle "GM"]
[BlackTitle "GM"]
[WhiteElo "2840"]
[BlackElo "2759"]
[WhiteFideId "1503014"]
[BlackFideId "12573981"]
[EventDate "2026.02.07"]
[EventType "k.o."]

1. d4 Nf6 2. c4 e6 3. Nc3 Bb4 4. Nf3 O-O 5. Bd2 d5 6. e3 Nbd7 7. Qb3 a5 8. cxd5
Bxc3 9. bxc3 exd5 10. c4 Nb6 11. cxd5 Bf5 12. Be2 a4 13. Qa3 Qxd5 14. Rc1 Be6
15. Rc2 c6 16. O-O Nbd7 17. Rfc1 Rfe8 18. Rb2 b5 19. Bb4 Bf5 20. Nd2 Ne4 21. f3
Nxd2 22. Rxd2 Bg6 23. e4 Qe6 24. Qc3 Nf6 25. Rdc2 Rac8 26. d5 cxd5 27. Qxc8 Rxc8
28. Rxc8+ Ne8 29. exd5 Qe3+ 30. Kf1 Bd3 31. Rxe8+ Qxe8 32. Bxd3 g6 33. d6 Qe6
34. a3 Qd5 35. Be2 h5 36. Rd1 1-0

[Event "SpeedChess Final 2025"]
[Site "London ENG"]
[Date "2026.02.08"]
[Round "2.9"]
[White "Nakamura, Hikaru"]
[Black "Lazavik, Denis"]
[Result "0-1"]
[WhiteTitle "GM"]
[BlackTitle "GM"]
[WhiteElo "2810"]
[BlackElo "2605"]
[WhiteFideId "2016192"]
[BlackFideId "13515110"]
[EventDate "2026.02.07"]
[EventType "k.o."]

1. e4 e5 2. Nf3 Nc6 3. Bb5 a6 4. Ba4 Nf6 5. d3 b5 6. Bb3 Bc5 7. a4 Rb8 8. axb5
axb5 9. O-O O-O 10. Nc3 h6 11. Be3 d6 12. h3 Bxe3 13. fxe3 Be6 14. Bxe6 fxe6 15.
Qe1 Nb4 16. Qd2 c5 17. Ne2 Nc6 18. Ng3 Qd7 19. Rf2 Rf7 20. c3 Rbf8 21. b4 cxb4
22. cxb4 Nh7 23. Rff1 Ne7 24. d4 exd4 25. exd4 Ng6 26. Rf2 Qe7 27. Raf1 Nh4 28.
Nxh4 Qxh4 29. Rxf7 Rxf7 30. Rxf7 Kxf7 31. Qe3 Nf6 32. Kf1 Kg8 33. Ke2 Nd7 34.
Qb3 Kh8 35. Qf3 Qe7 36. Qd3 Qg5 37. Qf3 Nf6 38. Qe3 Qg6 39. Kf1 Qe8 40. Qc3 Qa8
41. Qd3 Qa1+ 42. Kf2 Qb2+ 43. Kg1 Qxb4 44. Kh2 Qc4 45. Qe3 Qc7 46. Qb3 Qd7 47.
Qa3 Kh7 48. Qd3 Kg8 49. Qa3 Qc6 50. Qa2 d5 51. e5 Ne4 52. Nh5 Qe8 53. Nf4 Qf7
54. Nd3 Qg6 55. Qe2 Qg3+ 56. Kg1 Nc3 57. Qd2 Ne4 58. Qe2 Qg5 59. Kh2 Ng3 60. Qf3
Nf5 61. Qf2 Qe3 62. Qxe3 Nxe3 63. Kg3 Nf5+ 64. Kf4 Nxd4 0-1

[Event "SpeedChess Final 2025"]
[Site "London ENG"]
[Date "2026.02.08"]
[Round "2.10"]
[White "Firouzja, Alireza"]
[Black "Carlsen, Magnus"]
[Result "1/2-1/2"]
[WhiteTitle "GM"]
[BlackTitle "GM"]
[WhiteElo "2759"]
[BlackElo "2840"]
[WhiteFideId "12573981"]
[BlackFideId "1503014"]
[EventDate "2026.02.07"]
[EventType "k.o."]

1. d4 Nf6 2. c4 e6 3. Nf3 Bb4+ 4. Nbd2 O-O 5. a3 Be7 6. e4 d6 7. Be2 Nbd7 8. Qc2
e5 9. Nb1 c6 10. Nc3 a6 11. O-O b5 12. Rd1 Qc7 13. cxb5 cxb5 14. Be3 Bb7 15.
Rac1 Rac8 16. Qb1 Qb8 17. h3 h6 18. Nh4 exd4 19. Bxd4 Rfe8 20. Nf5 Bf8 21. Ng3
g6 22. b4 h5 23. h4 Bh6 24. Rc2 Bf4 25. Bf3 Ne5 26. Nce2 Bh6 27. Rxc8 Qxc8 28.
Nc3 Qe6 29. Qa2 Qe7 30. a4 bxa4 31. Qxa4 Rc8 32. b5 axb5 33. Qxb5 Bc6 34. Qa6
Ra8 35. Qe2 Nfd7 36. Bxh5 Qxh4 37. Bf3 Bf4 38. Nf1 Nxf3+ 39. Qxf3 Ne5 40. Qe2
Qg4 41. Qxg4 Nxg4 42. f3 Ne5 43. Ne3 Nd7 44. Ncd5 Bxd5 45. Nxd5 Be5 46. Be3 Kg7
47. f4 Ra1 48. Rxa1 Bxa1 49. Kf2 Nf6 50. Kf3 Nxd5 51. exd5 f5 52. Bd2 Kf7 53.
Bb4 Ke7 54. g4 Bd4 55. gxf5 gxf5 56. Bd2 Bf6 57. Bb4 Bd4 58. Ba3 Bc5 59. Bb2 Kf7
60. Ke2 Kg6 61. Kf3 Kh5 62. Kg3 Bb4 63. Bf6 Be1+ 64. Kf3 Bb4 65. Bg5 Bc5 66. Bf6
Kg6 67. Bg5 Kf7 68. Ke2 Ke8 69. Kd3 Kf7 70. Kc4 Ke8 71. Kb5 Kd7 72. Bh6 Be3 73.
Bg5 Bc5 74. Bh6 Be3 75. Bg5 Bc1 76. Bh6 Bd2 77. Bg5 Be3 78. Bh6 Bc1 79. Bg5 Be3
80. Bh6 Bc1 81. Bg5 Be3 1/2-1/2

[Event "SpeedChess Final 2025"]
[Site "London ENG"]
[Date "2026.02.08"]
[Round "2.10"]
[White "Lazavik, Denis"]
[Black "Nakamura, Hikaru"]
[Result "1-0"]
[WhiteTitle "GM"]
[BlackTitle "GM"]
[WhiteElo "2605"]
[BlackElo "2810"]
[WhiteFideId "13515110"]
[BlackFideId "2016192"]
[EventDate "2026.02.07"]
[EventType "k.o."]

1. c4 e5 2. Nc3 Nf6 3. Nf3 Nc6 4. g3 Nd4 5. Bg2 Nxf3+ 6. Bxf3 Bb4 7. O-O a5 8.
d3 O-O 9. Bd2 c6 10. a3 Be7 11. Qb3 d6 12. Bg2 Qc7 13. Rac1 Nd7 14. Qc2 Nc5 15.
b4 Ne6 16. e3 Bd7 17. b5 Rfc8 18. Rb1 Bf8 19. bxc6 bxc6 20. Na4 Ra6 21. Rb3 Nc5
22. Nxc5 dxc5 23. Rfb1 Ra7 24. a4 Bf5 25. Bc3 f6 26. Be4 Bxe4 27. dxe4 Qf7 28.
Be1 Rd8 29. Rb8 Rxb8 30. Rxb8 h5 31. h4 Kh7 32. Kg2 g6 33. Rb6 Qc7 34. Rb1 Qf7
35. Rd1 Be7 36. Qb3 Qe6 37. Qb6 Ra8 38. Qb7 Rf8 39. Qd7 Qf7 40. Qxc6 f5 41. Rd7
fxe4 42. Qxe4 Qe6 43. Ra7 Kh6 44. Bxa5 Qd6 45. Be1 Qd1 46. Rxe7 Qxe1 47. Qc2 Rb8
48. Re6 1-0